000 00218 a2200097 4500
001 24088
100 _aPalmer, W.G
245 _aExperimental inorganic chemistry
260 _a
_bCambridge
_c1965
090 _c16288
_d16288
942 _aNUST-CAE
_cM
_c6989
999 _c259161
_d259161